000 00299nam a22001097a 4500
008 170111b xxu||||| |||| 00| 0 eng d
020 _a9780805378672
041 _aeng
080 _24TH
_a618.2
245 _aEFFECTIVE LEADERSHIP AND MANAGEMENT IN NURSING
_cSULLIVAN, E.J & DECKER, P.J
942 _2udc
_cBK
999 _c2694
_d2694